Initiales FA à FZ - Statistiques

Statistiques générales
  • Ce quiz a été pris 54 fois
  • Le résultat moyen est 12 sur 26
Statistiques - réponses
Initiales Définitions Réponse % Correct
FF Premier ministre français de 2007 à 2012 François Fillon
92%
FM Show Must Go On, We will Rock You, We are the Champions Freddie Mercury
92%
FC Le plus grand révolutionnaire cubain Fidel Castro
90%
FI Parti politique géré par Jean-Luc Mélenchon France Insoumise
88%
FL Pongiste français ayant remporté une médaille aux JO de Paris Félix Lebrun
84%
FR Footballeur français, il gagne la LDC avec le Bayern en 2013 Franck Ribéry
82%
FA Champion du monde de F1 en 2005 et 2006 Fernando Alonso
78%
FH Elle chante "Tous les garçons et les filles" Françoise Hardy
74%
FK La plus célèbre de toutes les artistes peintres mexicaines Frida Kahlo
74%
FO Nom usuel de la CGT Force Ouvrière
72%
FQ Chmapion du monde MotoGP 2021 Fabio Quartararo
66%
FG Sélectionneur de l'Équipe de France de rugby depuis 2020 Fabien Galthié
64%
FN Combattant camerounais en MMA, il est surnommé The Predator Francis Ngannou
56%
FD Elle est jouée par Clémence Poésy dans Harry Potter Fleur Delacour
40%
FB Champion du monde MotoGP en 2023 et 2024 Francesco Bagnaïa
40%
FE Homme politique de la Guyane Félix Éboué
20%
FY Brelan + paire donne une combinaison pour quel jeu Full Yams
18%
FV Vice-champion de Formule 2 en 2023 Frédérik Vesti
10%
FZ Pongiste chinois, plus jeune champion du monde de l'histoire Fan Zhendong
8%
FU Pilote roumain engagé en Endurance catégorie LMP2 depuis 2023 Filip Ugran
4%
FP Elle a joué dans The Falling et The Young Lady Florence Pugh
4%
FJ Championne du monde par équipe de Judo en 2006 Frédérique Jossinet
4%
FW Acteur ayant joué dans Bref, Commissaire Magellan, Profilage Fabian Wolfrom
2%
FS Pilote tchèque de moto en activité ayant 4 podiums à son actif Filip Salac
2%
FX Combattant français en MMA Fabien Xabidi
0%
FT Présidente des associations Cousteau depuis 1997 Francine Triplet
0%
Aucun quiz correspondant
Distribution des résultats
% des personnes avec chaque résultat
Percentile par nombre de réponses
Votre historique - résultats
Vous n’avez pas pris ce quiz